LEADER 03008nam 22006854a 450 001 9910956554803321 005 20251117115340.0 010 $a1-280-08637-8 010 $a9786610086375 010 $a0-585-45844-8 024 7 $a10.1596/0-8213-4969-4 035 $a(CKB)111087027993832 035 $a(OCoLC)70730636 035 $a(CaPaEBR)ebrary10015752 035 $a(SSID)ssj0000087590 035 $a(PQKBManifestationID)11112918 035 $a(PQKBTitleCode)TC0000087590 035 $a(PQKBWorkID)10053230 035 $a(PQKB)10595213 035 $a(MiAaPQ)EBC3050503 035 $a(Au-PeEL)EBL3050503 035 $a(CaPaEBR)ebr10015752 035 $a(CaONFJC)MIL8637 035 $a(OCoLC)270173094 035 $a(The World Bank)2001026741 035 $a(US-djbf)12427609 035 $a(BIP)7202599 035 $a(EXLCZ)99111087027993832 100 $a20010531d2001 uf 0 101 0 $aeng 135 $aurcn||||||||| 181 $ctxt$2rdacontent 182 $cc$2rdamedia 183 $acr$2rdacarrier 200 10$aInformation infrastructure $ethe World Bank Group's experience : a joint Operations Evaluation Department, Operations Evaluation Group review /$fAlain Barbu, Rafael Dominguez, William Melody 205 $a1st ed. 210 $aWashington, D.C. $cInternational Finance Corp. $cWorld Bank$d2001 215 $axxvii, 54 pages $cillustrations ;$d28 cm 300 $aBibliographic Level Mode of Issuance: Monograph 311 08$a0-8213-4969-4 320 $aBibliographic references (p. 53-54). 327 $aIntro -- CONTENTS -- ACKNOWLEDGMENTS -- FOREWORD / PREFACIO / AVANT-PROPOS -- EXECUTIVE SUMMARY / RÉSUMEN / RÉSUMÉ -- 1 INTRODUCTION -- 2 OVERVIEW OF BANK GROUP ASSISTANCE BY SECTOR -- 3 PROJECT AND SECTOR OUTCOMES -- 4 OUTSTANDING POLICY AND STRATEGIC ISSUES -- 5 CONCLUSIONS AND RECOMMENDATIONS -- ANNEXES -- ENDNOTES. 330 $aThis study updates the 1993 telecommunications review published by the World Bank's Operations Evaluation Department. It recommends that the World Bank reaffirm its strategy in the broader information infrastructure. This study also recommends that gaps in the current monitoring and evaluations systems be filled at both the project and global level in order to provide the necessary framework to evaluate the future effectiveness of the revised strategy. 410 0$aWorld Bank e-Library. 606 $aInformation technology$zDeveloping countries 606 $aTelecommunication$zDeveloping countries 615 0$aInformation technology 615 0$aTelecommunication 676 $a384/.09172/4 700 $aBarbu$b Alain$f1949-$01869111 701 $aDominguez$b Rafael$01546660 701 $aMelody$b William H$01869112 712 02$aWorld Bank.$bOperations Evaluation Department. 801 0$bMiAaPQ 801 1$bMiAaPQ 801 2$bMiAaPQ 906 $aBOOK 912 $a9910956554803321 996 $aInformation infrastructure$94477300 997 $aUNINA